000 00313nam a2200133Ia 4500
008 240821s9999 xx 000 0 und d
020 _a97816443518881
041 _aeng
082 _a617.7
100 _aEvan Bailey .
245 _aLacrimal Drainage Surgery /
260 _bMedicare
650 _aOpthalmology
999 _c1181265
_d1181265